[Event "Werther Schloss op-C 10th"]
[Site "Werther"]
[Date "2004.04.04"]
[Round "4"]
[White "Sporleder, Andreas"]
[Black "Knop, Jim"]
[Result "1/2-1/2"]
[WhiteElo "1432"]
[BlackElo "1436"]
[PlyCount "102"]
[EventDate "2004.04.02"]
[EventType "swiss"]
[EventRounds "5"]
[EventCountry "GER"]
[SourceTitle "EXT 2006"]
[Source "ChessBase"]
[SourceDate "2005.11.24"]
[SourceVersion "1"]
[SourceVersionDate "2005.11.24"]
[SourceQuality "1"]

1. d4 d5 2. Nf3 Nf6 3. e3 e6 4. c4 c6 5. Nc3 Bd6 6. Bd3 dxc4 7. Bxc4 Nbd7 8. e4 e5 9. dxe5 Nxe5 10. Nxe5 Bxe5 11. Qxd8+ Kxd8 12. Bg5 Kc7 13. Bxf6 Bxf6 14. Bxf7 Rf8 15. Bc4 Bd4 16. f3 Re8 17. Rd1 Bc5 18. a3 a5 19. Ne2 b5 20. Ba2 b4 21. a4 Ba6 22. Nf4 b3 23. Bxb3 Bb4+ 24. Kf2 Bc5+ 25. Kg3 Bd6 26. Rhe1 g5 27. Ba2 gxf4+ 28. Kh4 Rab8 29. b3 Bc5 30. g3 Bf2 31. Rh1 Re7 32. Kh3 fxg3 33. hxg3 Bc5 34. Kg2 Rf8 35. Rc1 Bb4 36. Rh6 Bb7 37. Rc4 Rd8 38. Rc2 Rg7 39. Bb1 Be1 40. g4 Rd3 41. Rcxc6+ Bxc6 42. Bxd3 Bd2 43. Rh5 Be8 44. Rc5+ Kd6 45. Rd5+ Kc7 46. Bb5 Bxb5 47. Rxb5 Bb4 48. Rd5 Kc6 49. Kf2 Bc5+ 50. Ke2 Rb7 51. Rd3 Bd6 1/2-1/2